Statistics for Countries Closest to Europe

Click here to take the quiz!

General Stats

  • This quiz has been taken 83,437 times
    (82,614 since last reset)
  • The average score is 17 of 20

Answer Stats

kmcountrymiles% Correct
0Turkey0
96%
363Egypt225
95%
14Morocco9
95%
153Algeria95
91%
725Israel451
91%
70Tunisia44
90%
0Georgia0
89%
511Iraq318
88%
259Libya161
88%
625Syria388
88%
0Azerbaijan0
87%
165Iran103
87%
110Armenia69
86%
789Jordan490
84%
0Kazakhstan0
84%
713Lebanon443
84%
970Saudi Arabia602
81%
392Cyprus243
80%
321Turkmenistan199
73%
535Uzbekistan332
72%

Score Distribution

Percentile by Number Answered

Percent of People with Each Score

Your Score History

You have not taken this quiz since the last reset